000 00654nam a2200205Ia 4500
003 GCL
008 140319s9999 xx 000 0 ara d
020 _a6974119977
040 _aGCL /
_cGCL
082 0 4 _a811.082
_bش م
100 1 _aشريف رزق
245 1 0 _aمجرة النهايات :
_bقصيد /
_cشريف رزق
250 _aالاولى
260 _aالقاهرة :
_bشريف رزق ،
_c1999
300 _a71 ص ؛
_c12 سم
650 0 4 _aالشعر
650 0 4 _aالشعر العربى - العصر الحديث
650 0 4 _aالشعر العربى - مصر - تاريخ ونقد - العصر الحديث
942 _2ddc
_cBK
999 _c9574
_d9574